书目信息 |
| 题名: |
现代晶体化学-理论与方法
|
|
| 作者: | 陈敬中 主编 | |
| 分册: | ||
| 出版信息: | 北京 高等教育出版社 2001 |
|
| 页数: | ||
| 开本: | 26cm | |
| 丛书名: | ||
| 单 册: | ||
| 中图分类: | O74 | |
| 科图分类: | ||
| 主题词: | 晶体化学 | |
| 电子资源: | ||
| ISBN: | 7-04-009924-1 | |
| 000 | 00538nam0 2200181 450 | |
| 001 | 0754114953 | |
| 005 | 20070929150154.95 | |
| 010 | @a7-04-009924-1 | |
| 100 | @a20070929d km y0chiy0120 ea | |
| 101 | 0 | @achi |
| 200 | 1 | @a现代晶体化学-理论与方法@Axian dai jing ti hua xue-li lun yu fang fa@f陈敬中 主编@Fchen jing zhong zhu bian |
| 210 | @a北京@c高等教育出版社@d2001 | |
| 215 | @c插图@d26cm | |
| 606 | 0 | @a晶体化学 |
| 690 | @aO74@v3 | |
| 701 | 0 | @a陈敬中@Achen jing zhong@4主编 |
| 801 | 0 | @aCN@bPFT@c20070929 |
| 905 | @a213230@dO74@eh7@f1 | |
| 现代晶体化学-理论与方法/陈敬中 主编.-北京:高等教育出版社,2001 |
| 插图;26cm |
| ISBN 7-04-009924-1: |
| ● |
| 相关链接 |
|
|
|
|
正题名:现代晶体化学-理论与方法
索取号:O74/h7
 
预约/预借
| 序号 | 登录号 | 条形码 | 馆藏地/架位号 | 状态 | 备注 |
| 1 | 6001891 | 260018910 | 密集书库-化学系/ [索取号:O74/h7] | 在馆 |